000 00705nam a2200265Ia 4500
003 OSt
005 20221006160958.0
006 a|||||r|||| 00| 0
007 ta
008 221006b |||||||| |||| 00| 0 eng d
020 _a1544000006437
024 _a47,024
037 _cTextual
040 _aEASL
_cEASL
_beng
041 _2eng
_aeng
082 _aO41,3L24,2, Q0.4
100 _aXUEQIN Cao Au.
245 0 _aDreams of red mansions
260 _aBeijing
_bForeign Languages Press China
_c2010
300 _a650p.
_ccm.
490 _vVol 4 4 CEL
700 _a E Gao Au.
942 _hO41,3L24,2, Q0.4
_cTEXL
_2CC
999 _c1115113
_d1115113